Finské zemědělství a jeho integrace do společné zemědělské politiky

Špecifické podmienky pre fínsku poľnohospodársku výrobu. Fínske poľnohospodárstvo je založené na rodinných farmách. Integrácia poľnohospodárstva do spoločnej poľnohospodárskej politiky EÚ.

Gespeichert in:
Bibliographische Detailangaben
1. Verfasser: Rosochatecká, Eva
Weitere Verfasser: Tomšík, Karel
Format: Buchkapitel
Sprache:Tschechisch
Schlagworte:
Tags: Tag hinzufügen
Keine Tags, Fügen Sie das erste Tag hinzu!

MARC

LEADER 00000naa a2200000 4500
001 r021517
005 20230922110129.6
041 0 |a cze 
044 |a CZ 
245 1 0 |a Finské zemědělství a jeho integrace do společné zemědělské politiky  |c Eva Rosochatecká, Karel Tomšík 
520 |a Špecifické podmienky pre fínsku poľnohospodársku výrobu. Fínske poľnohospodárstvo je založené na rodinných farmách. Integrácia poľnohospodárstva do spoločnej poľnohospodárskej politiky EÚ. 
610 2 0 |a poľnohospodárstvo 
610 2 0 |a Fínsko 
610 2 0 |a politika poľnohospodárska 
610 2 0 |a Európska únia 
610 2 0 |a integrácia ekonomická medzinárodná 
610 2 0 |a farmy rodinné 
100 1 |a Rosochatecká, Eva 
700 1 |a Tomšík, Karel